01214nam a2200193Ia 4500001001100000003001000011008004100021040002500062041001300087100002700100245011600127250001200243260006600255300002700321500026200348501011400610520026200724650003400986L240-13313IT-CnALBA170116s9999||||xx |||||||||||||| ||und|| aIT-CnALBAcIT-CnALBA aITALIANO aPINCELLI P. LUIGI, SJ. 0aCIBO DELL'ANIMA RELIGIOSA OVVERO PRATICA FACILE E FRUTTUOSA D'ORAZIONE MENTALE SULLA VITA E LO SPIRITO DI N. S  a13a ed. aARC. MODENA.bIMMAC. CONCEZ. TIP. PONT.c1929 [1° Ed.: n.d.] a426 p. (prefazione: 1) aBREVE BIOGRAFIA DI P. L. PINCELLI. DEDICA A S. GIUSEPPE, PATRONO DELLE ANIME CONSACRATE. AVVENTO: TRIPLICE VENUTA. IMMACOLATA. GIOVANNI BATTISTA. GABRIELE, L'ARCANGELO. NOVENA DI NATALE. RICONCILIAZIONE. VIGLIA. NATIVITÀ DI N.S.G.C. CIRCONCISIONE. EPIFANI aSocietà San Paolo EM - Piazza San Paolo, 14 - 12051 ALBA (CN) (non commercial uses only) ® Copyright 2017 aBREVE BIOGRAFIA DI P. L. PINCELLI. DEDICA A S. GIUSEPPE, PATRONO DELLE ANIME CONSACRATE. AVVENTO: TRIPLICE VENUTA. IMMACOLATA. GIOVANNI BATTISTA. GABRIELE, L'ARCANGELO. NOVENA DI NATALE. RICONCILIAZIONE. VIGLIA. NATIVITÀ DI N.S.G.C. CIRCONCISIONE. EPIFANI aTEOLOGIA SPIRITUALE CRISTIANA